A quiet place. (Record no. 363346)
[ view plain ]
| 000 -LEADER | |
|---|---|
| fixed length control field | 03773cgm a2200793 i 4500 |
| 001 - CONTROL NUMBER | |
| control field | 1258037176 |
| 003 - CONTROL NUMBER IDENTIFIER | |
| control field | OCoLC |
| 005 - DATE AND TIME OF LATEST TRANSACTION | |
| control field | 20210728135300.0 |
| 007 - PHYSICAL DESCRIPTION FIXED FIELD--GENERAL INFORMATION | |
| fixed length control field | vd cvaizq |
| 008 - FIXED-LENGTH DATA ELEMENTS--GENERAL INFORMATION | |
| fixed length control field | 210629p20212020cau096 vleng d |
| 024 1# - OTHER STANDARD IDENTIFIER | |
| Standard number or code | 032429338235 |
| 028 42 - PUBLISHER NUMBER | |
| Publisher number | SDS1959211521 |
| Source | Paramount |
| 028 42 - PUBLISHER NUMBER | |
| Publisher number | 59211521000 |
| Source | Paramount |
| 028 42 - PUBLISHER NUMBER | |
| Publisher number | 3992128288 |
| Source | Paramount |
| 035 ## - SYSTEM CONTROL NUMBER | |
| System control number | (OCoLC)1258037176 |
| 037 ## - SOURCE OF ACQUISITION | |
| Source of stock number/acquisition | Midwest Tape |
| Note | http://www.midwesttapes.com |
| 040 ## - CATALOGING SOURCE | |
| Original cataloging agency | TEFMT |
| Language of cataloging | eng |
| Description conventions | rda |
| Transcribing agency | TEFMT |
| Modifying agency | TEF |
| -- | OCLCO |
| -- | TEFMT |
| -- | ILE |
| -- | INO |
| -- | GO6 |
| -- | SO$ |
| 041 1# - LANGUAGE CODE | |
| Language code of text/sound track or separate title | eng |
| -- | fre |
| -- | por |
| -- | spa |
| Language code of original and/or intermediate translations of text | eng |
| 050 #4 - LIBRARY OF CONGRESS CALL NUMBER | |
| Classification number | PN1997.2 |
| Item number | .Q54 2020 |
| 082 04 - DEWEY DECIMAL CLASSIFICATION NUMBER | |
| Classification number | 791.43/72 |
| Edition number | 23 |
| 092 ## - LOCALLY ASSIGNED DEWEY CALL NUMBER (OCLC) | |
| Classification number | Q |
| 245 02 - TITLE STATEMENT | |
| Title | A quiet place. |
| Number of part/section of a work | Part II / |
| Statement of responsibility, etc | written and directed by John Krasinski ; produced by Michael Bay, Andrew Form, Bradley Fuller, John Krasinski ; Paramount Pictures presents ; in association with Michael Bay ; a Platinum Dunes/Sunday Night production. |
| 246 3# - VARYING FORM OF TITLE | |
| Title proper/short title | Quiet place. |
| Number of part/section of a work | Part 2. |
| 246 3# - VARYING FORM OF TITLE | |
| Title proper/short title | Quiet place. |
| Number of part/section of a work | Part two. |
| 250 ## - EDITION STATEMENT | |
| Edition statement | Widescreen version. |
| 257 ## - COUNTRY OF PRODUCING ENTITY FOR ARCHIVAL FILMS | |
| Country of producing entity | United States |
| 264 #1 - Production, Publication, Distribution, Manufacture, and Copyright Notice. | |
| Place of production, publication, distribution, manufacture | Hollywood, California : |
| Name of producer, publisher, distributor, manufacturer | Paramount, |
| Date of production, publication, distribution, manufacture, or copyr | [2021] |
| 300 ## - PHYSICAL DESCRIPTION | |
| Extent | 1 videodisc (96 min.) : |
| Other physical details | sound, color ; |
| Dimensions | 4 3/4 in. |
| 336 ## - Content Type | |
| Content type term | two-dimensional moving image |
| 337 ## - Media type | |
| Media type term | video |
| 338 ## - Carrier type | |
| Carrier type term | videodisc |
| 500 ## - GENERAL NOTE | |
| General note | Based on characters created by Bryan Woods & Scott Beck. |
| 500 ## - GENERAL NOTE | |
| General note | Originally released as a motion picture in 2020. |
| 500 ## - GENERAL NOTE | |
| General note | Wide screen. |
| 508 ## - CREATION/PRODUCTION CREDITS NOTE | |
| Creation/production credits note | Director of photography, Polly Morgan ; editor, Michael P. Shawver ; music, Marco Beltrami. |
| 511 1# - PARTICIPANT OR PERFORMER NOTE | |
| Participant or performer note | Emily Blunt, Cillian Murphy, Millicent Simmonds, Noah Jupe, Djimon Hounsou, John Krasinski. |
| 520 ## - SUMMARY, ETC. | |
| Summary, etc | The Abbott family must now face the terrors of the outside world as they fight for survival in silence. Forced to venture into the unknown, they realize that the creatures that hunt by sound are not the only threats that lurk beyond the sand path. |
| 521 8# - TARGET AUDIENCE NOTE | |
| Target audience note | MPAA rating: PG-13; terror, violence and bloody/disturbing images. |
| 538 ## - SYSTEM DETAILS NOTE | |
| System details note | DVD, NTSC, region 1; wide screen; Dolby digital 5.1. |
| 546 ## - LANGUAGE NOTE | |
| Language note | English, French, Portuguese or Spanish dialogue; English, French, Portuguese or Spanish subtitles; closed-captioned; English audio description. |
| 650 #0 - SUBJECT ADDED ENTRY--TOPICAL TERM | |
| Topical term or geographic name as entry element | Monsters |
| Form subdivision | Drama. |
| 9 (RLIN) | 5685833 |
| 650 #0 - SUBJECT ADDED ENTRY--TOPICAL TERM | |
| Topical term or geographic name as entry element | Survival |
| Form subdivision | Drama. |
| 9 (RLIN) | 5703629 |
| 650 #0 - SUBJECT ADDED ENTRY--TOPICAL TERM | |
| Topical term or geographic name as entry element | Silence |
| Form subdivision | Drama. |
| 9 (RLIN) | 6423124 |
| 650 #0 - SUBJECT ADDED ENTRY--TOPICAL TERM | |
| Topical term or geographic name as entry element | Families |
| Form subdivision | Drama. |
| 9 (RLIN) | 5675607 |
| 655 #7 - INDEX TERM--GENRE/FORM | |
| Genre/form data or focus term | Horror films. |
| Source of term | lcgft. |
| 655 #7 - INDEX TERM--GENRE/FORM | |
| Genre/form data or focus term | Science fiction films. |
| Source of term | lcgft. |
| 655 #7 - INDEX TERM--GENRE/FORM | |
| Genre/form data or focus term | Thrillers (Motion pictures) |
| Source of term | lcgft. |
| 655 #7 - INDEX TERM--GENRE/FORM | |
| Genre/form data or focus term | Apocalyptic films. |
| Source of term | lcgft. |
| 9 (RLIN) | 5735361 |
| 655 #7 - INDEX TERM--GENRE/FORM | |
| Genre/form data or focus term | Feature films. |
| Source of term | lcgft. |
| 655 #7 - INDEX TERM--GENRE/FORM | |
| Genre/form data or focus term | Fiction films. |
| Source of term | lcgft. |
| 655 #7 - INDEX TERM--GENRE/FORM | |
| Genre/form data or focus term | Video recordings for the hearing impaired. |
| Source of term | lcgft. |
| 655 #7 - INDEX TERM--GENRE/FORM | |
| Genre/form data or focus term | Video recordings for people with visual disabilities. |
| Source of term | lcgft. |
| 9 (RLIN) | 5676923 |
| 655 #0 - INDEX TERM--GENRE/FORM | |
| Genre/form data or focus term | DVD-Video discs. |
| 700 1# - ADDED ENTRY--PERSONAL NAME | |
| Personal name | Krasinski, John, |
| Dates associated with a name | 1979- |
| Relator term | film director, |
| -- | screenwriter, |
| -- | film producer, |
| -- | actor. |
| 9 (RLIN) | 72671 |
| 700 1# - ADDED ENTRY--PERSONAL NAME | |
| Personal name | Bay, Michael, |
| Dates associated with a name | 1964- |
| Relator term | film producer. |
| 9 (RLIN) | 65176 |
| 700 1# - ADDED ENTRY--PERSONAL NAME | |
| Personal name | Form, Andrew, |
| Relator term | film producer. |
| 9 (RLIN) | 56585 |
| 700 1# - ADDED ENTRY--PERSONAL NAME | |
| Personal name | Fuller, Brad |
| Fuller form of name | (Bradley), |
| Relator term | film producer. |
| 9 (RLIN) | 6410867 |
| 700 1# - ADDED ENTRY--PERSONAL NAME | |
| Personal name | Blunt, Emily, |
| Relator term | actor. |
| 9 (RLIN) | 72353 |
| 700 1# - ADDED ENTRY--PERSONAL NAME | |
| Personal name | Murphy, Cillian, |
| Dates associated with a name | 1976- |
| Relator term | actor. |
| 9 (RLIN) | 5890353 |
| 700 1# - ADDED ENTRY--PERSONAL NAME | |
| Personal name | Simmonds, Millicent, |
| Dates associated with a name | 2003- |
| Relator term | actor. |
| 9 (RLIN) | 6423125 |
| 700 1# - ADDED ENTRY--PERSONAL NAME | |
| Personal name | Jupe, Noah, |
| Dates associated with a name | 2005- |
| Relator term | actor. |
| 9 (RLIN) | 5965133 |
| 700 1# - ADDED ENTRY--PERSONAL NAME | |
| Personal name | Hounsou, Djimon, |
| Dates associated with a name | 1964- |
| Relator term | actor. |
| 9 (RLIN) | 76750 |
| 710 2# - ADDED ENTRY--CORPORATE NAME | |
| Corporate name or jurisdiction name as entry element | Paramount Pictures Corporation, |
| Relator term | presenter. |
| 9 (RLIN) | 7712 |
| 710 2# - ADDED ENTRY--CORPORATE NAME | |
| Corporate name or jurisdiction name as entry element | Platinum Dunes (Firm), |
| Relator term | production company. |
| 9 (RLIN) | 74162 |
| 710 2# - ADDED ENTRY--CORPORATE NAME | |
| Corporate name or jurisdiction name as entry element | Sunday Night (Firm), |
| Relator term | production company. |
| 9 (RLIN) | 6266615 |
| 710 2# - ADDED ENTRY--CORPORATE NAME | |
| Corporate name or jurisdiction name as entry element | Paramount Home Entertainment (Firm), |
| Relator term | publisher. |
| 9 (RLIN) | 72161 |
| 907 ## - LOCAL DATA ELEMENT G, LDG (RLIN) | |
| a | .b456754647 |
| 942 ## - ADDED ENTRY ELEMENTS (KOHA) | |
| Source of classification or shelving scheme | Dewey Decimal Classification |
| Koha item type | DVD |
| Withdrawn status | Lost status | Source of classification or shelving scheme | Damaged status | Not for loan | Collection code | Home library | Current library | Shelving location | Date acquired | Source of acquisition | Serial Enumeration / chronology | Total Checkouts | Total Renewals | Full call number | Barcode | Date last seen | Date checked out | Cost, replacement price | Price effective from | Koha item type |
|---|---|---|---|---|---|---|---|---|---|---|---|---|---|---|---|---|---|---|---|---|
| Dewey Decimal Classification | Movies | Wasatch County Library | Wasatch County Library | Audio Visual Area | 09/29/2021 | Micromarketing | Part 2 | 22 | 26 | DVD Qui | 34301000774747 | 09/19/2025 | 09/05/2025 | 20.79 | 09/29/2021 | DVD |
